000 00696nam a2200229Ia 4500
003 OSt
005 20220927105125.0
006 a|||||r|||| 00| 0
007 ta
008 220926b |||||||| |||| 00| 0 eng d
024 _a183659
037 _cReference Collections
040 _aRTL
_cRTL
_beng
041 _2eng
_aeng
082 _a"X:89K33.5.N8, M4"
100 _aDEMKO George Ed.
_9370315
245 0 _aRegional development
_b Problems and policies in eastern and Western Europe.
260 _aLondon
_bCroom Helm
_c1984
300 _a283p.
_ccm.
942 _h"X:89K33.5.N8, M4"
_cCC
999 _c690766
_d690766